| 000 | 00868cab a2200265 4500 | ||
|---|---|---|---|
| 001 | ABS46297 | ||
| 008 | 090401t1992 xxu||||| |||| 00| 0 eng d | ||
| 035 | _a(Sirsi) u57639 | ||
| 041 | _aeng | ||
| 245 | _aGraham v Pitkin | ||
| 260 | _c1992 | ||
| 350 | _a0 | ||
| 490 |
_aAll England Law Reports _v(1992) 2 AllER 235-238(3) |
||
| 520 | _aPrivy Council 9 March 1992. It was held that unreasonable delay by the purchaser in completing the contract for the sale of land did not entitle the vendor to rescind the contract without first serving a notice to complete. | ||
| 650 | _aCOMPLETION | ||
| 650 | _aCONTRACT | ||
| 650 | _aDELAY | ||
| 650 | _aNOTICE TO COMPLETE | ||
| 650 | _aRESCISSION OF CONTRACT | ||
| 650 | _aSALE OF LAND | ||
| 650 | _aVENDOR AND PURCHASER | ||
| 690 | _aPROPERTY LAW AND PRACTICE-CASE LAW | ||
| 942 | _n0 | ||
| 948 | _c04/03/1997 | ||
| 999 |
_c35168 _d35168 |
||